000 00291nam a22001337a 4500
008 171009b xxu||||| |||| 00| 0 eng d
020 _a9780786886548
041 _aeng
080 _a159.9
100 _a49
101 _aPSI
245 _aCOMING TO OUR SENSES
_cZINN,.J.K
942 _2udc
_cBK
999 _c32586
_d32586